| 000 | 00490cam a2200181ua 4500 | ||
|---|---|---|---|
| 001 | 12078 | ||
| 008 | 200218n ii |||gr||||Z||||||eng | ||
| 020 | _a9788192354019 | ||
| 040 | _cMAIN | ||
| 082 | _a371.4 | ||
| 100 |
_aRahul Gautam, _eAuthor. |
||
| 245 |
_aGuidance and counselling _cBy Rahul Gautam |
||
| 250 | _a1st ed. | ||
| 260 |
_aNew Delhi: _bAstha publishers and distributors, _c2013. |
||
| 300 | _a280p. | ||
| 653 | _aSchools & their activities special education | ||
| 942 | _cBK | ||
| 999 |
_c10854 _d10854 |
||